| 000 | 00561nam a2200229Ia 4500 | ||
|---|---|---|---|
| 003 | OSt | ||
| 005 | 20221005121453.0 | ||
| 006 | a|||||r|||| 00| 0 | ||
| 007 | ta | ||
| 008 | 221004b |||||||| |||| 00| 0 eng d | ||
| 024 | _a33648 | ||
| 037 | _cTextual | ||
| 040 |
_aCRL _cCRL _beng |
||
| 041 |
_2eng _aeng |
||
| 082 | _a/\xM74, H7 | ||
| 100 |
_aRoerich Nicholas _925521 |
||
| 245 | 0 | _aHimalayas abode of light | |
| 260 | _c1947 | ||
| 650 | _aSPIRITUALISM | ||
| 942 |
_h/\xM74, H7 _cTEXL _2cc |
||
| 999 |
_c1041249 _d1041249 |
||